000 01862cam a22004694i 4500
003 PE-LiUPU
005 20250731184604.0
008 150616s r 000 0 d
035 _a(Sirsi) a5452
040 _aPE-LiUPU
_bspa
_cPE-LiUPU
_erda
049 _aPRUA
082 0 4 _a985.512
_bE79
_221
100 1 _aEscobar, Gabriel,
_eautor.
245 1 0 _aSicaya; cambios culturales en una comunidad mestiza andina.
264 1 _aLima :
_bInstituto de Estudios Peruanos,
_c1973.
300 _a185 páginas :
_bilustraciones ;
_c20 cm.
336 _atext
_2rdacontent
337 _aunmediated
_2rdamedia
338 _avolume
_2rdacarrier
504 _aIncluye bibliografía.
505 0 _aIntroducción: perspectiva histórica y problema -- Sicaya: medio geográfico -- Población y migración -- Estratificación y movilidad social -- La estructura económica -- La familia, el matrimonio y el ciclo vital -- religión y creencias -- Organización social y política -- Historia de la comunidad -- Conclusión: el rol de las orientaciones ideológicas en el cambio cultural y la integración.
526 _aP136
526 _aP135
526 _aP134
526 _aP133
526 _aP144
526 _aP143
526 _aP87
526 _aP35
526 _aP20
526 _aP14
526 _aP10
526 _aP06
650 0 4 _aSICAYA - MONOGRAFIA.
910 _ajck
_bjvq
_cjck
942 _2ddc
_cBOOK
949 _a985.512 E79
_wDEWEY
_c1
_i17775
_lCCODEBUL1
_mBUL
_p00.00
_r0
_sY
_tBOOK
_u19801006
_xEDUCACION
_PP20
_0COMPRA
_o.STAFF. Colección General
994 _aC0
_bPEPRU
596 _a1
999 _a985.512 E79
_wDEWEY
_c56482
_i17775
_f2021-11-8
_g4
_lCCODEBUL1
_mBUL
_r0
_sY
_tBOOK
_u2015-6-16
_xBIBLIOTECA
_PP20
_0COMPRA
_o.STAFF. Colección General
_d56482
980 _81
_gALBERTO SANCHEZ Responsable de Automatización